<?xml version="1.0" encoding="UTF-8"?>
<record
    xmlns:xsi="http://www.w3.org/2001/XMLSchema-instance"
    xsi:schemaLocation="http://www.loc.gov/MARC21/slim http://www.loc.gov/standards/marcxml/schema/MARC21slim.xsd"
    xmlns="http://www.loc.gov/MARC21/slim">

  <leader>01081nac a22001931u 4500</leader>
  <controlfield tag="008">101111s2007    xxu||||| |||| 00| 0 ara d</controlfield>
  <datafield tag="082" ind1=" " ind2=" ">
    <subfield code="a">370.95694</subfield>
    <subfield code="b">&#x639; &#x633; &#x643;</subfield>
  </datafield>
  <datafield tag="245" ind1=" " ind2=" ">
    <subfield code="a">&#x639;&#x633;&#x643;&#x631;&#x629; &#x627;&#x644;&#x62A;&#x639;&#x644;&#x64A;&#x645; &#x641;&#x649; &#x625;&#x633;&#x631;&#x627;&#x626;&#x64A;&#x644; /</subfield>
    <subfield code="c">&#x62A;&#x62D;&#x631;&#x64A;&#x631; &#x62D;&#x62C;&#x64A;&#x62A; &#x62C;&#x648;&#x631; &#x61B; &#x62A;&#x631;&#x62C;&#x645;&#x629; &#x648;&#x62A;&#x639;&#x644;&#x64A;&#x642; &#x64A;&#x62D;&#x64A;&#x649; &#x645;&#x62D;&#x645;&#x62F; &#x639;&#x628;&#x62F; &#x627;&#x644;&#x644;&#x647; &#x625;&#x633;&#x645;&#x627;&#x639;&#x64A;&#x644;</subfield>
  </datafield>
  <datafield tag="260" ind1=" " ind2=" ">
    <subfield code="a">&#x627;&#x644;&#x642;&#x627;&#x647;&#x631;&#x629; :</subfield>
    <subfield code="b">&#x645;&#x631;&#x643;&#x632; &#x627;&#x644;&#x62F;&#x631;&#x627;&#x633;&#x627;&#x62A; &#x627;&#x644;&#x634;&#x631;&#x642;&#x64A;&#x629; &#x60C;2007</subfield>
    <subfield code="c">2007.</subfield>
  </datafield>
  <datafield tag="300" ind1=" " ind2=" ">
    <subfield code="a">148 &#x635; &#x61B;</subfield>
    <subfield code="b">&#x627;&#x64A;&#x636; :</subfield>
    <subfield code="c">24 &#x633;&#x645;.</subfield>
  </datafield>
  <datafield tag="490" ind1=" " ind2="0">
    <subfield code="9">21169</subfield>
    <subfield code="a"> &#x61B; &#x633;&#x644;&#x633;&#x644;&#x629; &#x627;&#x644;&#x62F;&#x631;&#x627;&#x633;&#x627;&#x62A; &#x627;&#x644;&#x62F;&#x64A;&#x646;&#x64A;&#x629; &#x648;&#x627;&#x644;&#x62A;&#x627;&#x631;&#x64A;&#x62E;&#x64A;&#x629;</subfield>
    <subfield code="n">34</subfield>
  </datafield>
  <datafield tag="504" ind1=" " ind2=" ">
    <subfield code="a">&#x64A;&#x634;&#x62A;&#x645;&#x644; &#x639;&#x644;&#x649; &#x625;&#x631;&#x62C;&#x627;&#x639;&#x627;&#x62A; &#x628;&#x628;&#x644;&#x64A;&#x648;&#x62C;&#x631;&#x627;&#x641;&#x64A;&#x629; </subfield>
  </datafield>
  <datafield tag="511" ind1=" " ind2=" ">
    <subfield code="a">Catalogued by: Sara</subfield>
  </datafield>
  <datafield tag="650" ind1=" " ind2=" ">
    <subfield code="a">&#x627;&#x644;&#x62A;&#x639;&#x644;&#x64A;&#x645;</subfield>
    <subfield code="9">21170</subfield>
    <subfield code="z">&#x625;&#x633;&#x631;&#x627;&#x626;&#x64A;&#x644;</subfield>
  </datafield>
  <datafield tag="700" ind1=" " ind2=" ">
    <subfield code="a">&#x62C;&#x648;&#x631; &#x60C; &#x62D;&#x62C;&#x64A;&#x62A;</subfield>
    <subfield code="9">21168</subfield>
    <subfield code="e">&#x62A;&#x62D;&#x631;&#x64A;&#x631;</subfield>
  </datafield>
  <datafield tag="700" ind1=" " ind2=" ">
    <subfield code="a">&#x625;&#x633;&#x645;&#x627;&#x639;&#x64A;&#x644; &#x60C; &#x64A;&#x62D;&#x64A;&#x649; &#x645;&#x62D;&#x645;&#x62F; &#x639;&#x628;&#x62F; &#x627;&#x644;&#x644;&#x647;</subfield>
    <subfield code="9">21171</subfield>
    <subfield code="e">&#x62A;&#x631;&#x62C;&#x645;&#x629; &#x648;&#x62A;&#x639;&#x644;&#x64A;&#x642;</subfield>
  </datafield>
  <datafield tag="942" ind1=" " ind2=" ">
    <subfield code="c">BB</subfield>
    <subfield code="k">370 &#x639; &#x633; &#x643;</subfield>
    <subfield code="2">ddc</subfield>
  </datafield>
  <datafield tag="999" ind1=" " ind2=" ">
    <subfield code="c">8172</subfield>
    <subfield code="d">8172</subfield>
  </datafield>
  <datafield tag="952" ind1=" " ind2=" ">
    <subfield code="0">0</subfield>
    <subfield code="1">0</subfield>
    <subfield code="2">ddc</subfield>
    <subfield code="4">0</subfield>
    <subfield code="7">0</subfield>
    <subfield code="8"> </subfield>
    <subfield code="a">MAIN</subfield>
    <subfield code="b">MAIN</subfield>
    <subfield code="c">1ST</subfield>
    <subfield code="d">2010-12-14</subfield>
    <subfield code="e">purchase</subfield>
    <subfield code="o">370.5694 &#x62C; &#x648; &#x631;</subfield>
    <subfield code="p">000010079</subfield>
    <subfield code="r">2025-07-15 00:00:00</subfield>
    <subfield code="v">25.00</subfield>
    <subfield code="y">BB</subfield>
  </datafield>
</record>
